Geography Quiz

Random Geography or State Quiz

Sustainable Countries Quiz Stats

 Plays Quiz not verified by Sporcle

Support Sporcle.
Go Orange.
Score 0/13 Timer 03:00
0 Plays Today
Country % Correct
Sweden
91.6%
Norway
91.1%
Finland
89.4%
Denmark
87.5%
Canada
85.5%
Iceland
80.4%
Netherlands
77.7%
Australia
77.2%
Switzerland
75.7%
New Zealand
74.8%
Ireland
69.6%
Austria
69%
Luxembourg
64.1%

You're not logged in!

Compare scores with friends on all Sporcle quizzes.
OR
Log In

From the Vault

Big 4 Teams by Initials

by MSUKent

Full names are just sooo unwieldy.
Remove Ads.
Support Sporcle.
Get the best of Sporcle when you Go Orange. This ad-free experience offers more features, more stats, and more fun while also helping to support Sporcle. Thank you for becoming a member.

Show Comments

Extras

Top Quizzes Today


Score Distribution

Your Account Isn't Verified!

In order to create a playlist on Sporcle, you need to verify the email address you used during registration. Go to your Sporcle Settings to finish the process.

Report this User

Report this user for behavior that violates our Community Guidelines.

Details: